| 000 | 03527cam a22012854i 4500 | ||
|---|---|---|---|
| 003 | PE-LiUPU | ||
| 005 | 20250813185341.0 | ||
| 008 | 150607s2015 sp a rb 000 0 spa d | ||
| 020 | _a8428398070 | ||
| 020 | _a9788428398077 | ||
| 035 | _a(Sirsi) a166780 | ||
| 040 |
_aPE-LiUPU _bspa _cPE-LiUPU _erda |
||
| 049 | _aPRUA | ||
| 082 | 0 | 4 |
_a363.34019 _bG96 _221 |
| 100 | 1 |
_aGutierrez Lengua, Miriam _eautor. |
|
| 245 | 1 | 0 |
_aTécnicas de apoyo psicológico y social en situaciones de crisis / _cMarta Gutiérrez Lengua, Miriam Atienza Mañas. |
| 250 | _aSegunda edición. | ||
| 264 | 1 |
_aEspaña : _bEdiciones Nobel, _c2015. |
|
| 300 |
_a145 páginas : _bilustraciones ; _c24 centímetros |
||
| 336 |
_atext _2rdacontent |
||
| 337 |
_aunmediated _2rdamedia |
||
| 338 |
_avolume _2rdacarrier |
||
| 504 | _aBibliografía : página 141. | ||
| 505 | 0 | _aPrincipios de la psicología general aplicada a situaciones de emergencias sanitarias -- Comunicación y habilidades sociales en el ámbito de las emergencias -- Primeros auxilios psicológicos en catástrofes -- Apoyo psicológico a los intervinientes en una situación de catástrofe. | |
| 526 | _aP202 | ||
| 526 | _aP201 | ||
| 526 | _aP163 | ||
| 526 | _aP162 | ||
| 526 | _aP161 | ||
| 526 | _aP160 | ||
| 526 | _aP148 | ||
| 526 | _aP147 | ||
| 526 | _aP146 | ||
| 526 | _aP145 | ||
| 526 | _aP144 | ||
| 526 | _aP143 | ||
| 526 | _aP142 | ||
| 526 | _aP141 | ||
| 526 | _aP140 | ||
| 526 | _aP139 | ||
| 526 | _aP138 | ||
| 526 | _aP137 | ||
| 526 | _aP136 | ||
| 526 | _aP135 | ||
| 526 | _aP134 | ||
| 526 | _aP133 | ||
| 526 | _aP129 | ||
| 526 | _aP128 | ||
| 526 | _aP127 | ||
| 526 | _aP120 | ||
| 526 | _aP119 | ||
| 526 | _aP118 | ||
| 526 | _aP116 | ||
| 526 | _aP115 | ||
| 526 | _aP114 | ||
| 526 | _aP110 | ||
| 526 | _aP109 | ||
| 526 | _aP108 | ||
| 526 | _aP104 | ||
| 526 | _aP103 | ||
| 526 | _aP102 | ||
| 526 | _aP99 | ||
| 526 | _aP98 | ||
| 526 | _aP97 | ||
| 526 | _aP96 | ||
| 526 | _aP95 | ||
| 526 | _aP93 | ||
| 526 | _aP90 | ||
| 526 | _aP89 | ||
| 526 | _aP88 | ||
| 526 | _aP83 | ||
| 526 | _aP82 | ||
| 526 | _aP62 | ||
| 526 | _aP59 | ||
| 526 | _aP58 | ||
| 526 | _aP57 | ||
| 526 | _aP51 | ||
| 526 | _aP49 | ||
| 526 | _aP48 | ||
| 526 | _aP47 | ||
| 526 | _aP29 | ||
| 526 | _aP24 | ||
| 526 | _aP20 | ||
| 526 | _aP19 | ||
| 526 | _aP17 | ||
| 526 | _aP15 | ||
| 526 | _aP14 | ||
| 526 | _aP12 | ||
| 526 | _aP10 | ||
| 526 | _aP09 | ||
| 526 | _aP08 | ||
| 526 | _aP07 | ||
| 526 | _aP06 | ||
| 526 | _aP05 | ||
| 526 | _aP04 | ||
| 526 | _aP01 | ||
| 541 | _g002-00001573; | ||
| 650 | 4 |
_aDesastres _xAspectos psicológicos. |
|
| 650 | 4 | _aIntervención psicológica. | |
| 650 | 4 |
_aVíctimas de desastres _xAspectos psicológicos. |
|
| 700 | 1 |
_aAtienza Mañas, Miriam, _eautor. |
|
| 910 |
_aebj _bebj _cjck _d20170207 |
||
| 910 |
_abrg _bksl _cksl _d20190806 |
||
| 942 |
_2ddc _cBOOK |
||
| 994 |
_aC0 _bPEPRU |
||
| 596 | _a1 | ||
| 999 |
_a363.34019 A74 2015 _wDEWEY _c15519 _i75414 _d15519 _e2017-6-22 _f2021-11-3 _g4 _lCCODEBUL1 _mBUL _n2 _p15.00 _q1 _r0 _sY _tBOOK _u2017-2-7 _xSALUD _zP33 _0COMPRA _o.STAFF. Colección Ciencias de la Salud |
||
| 999 |
_a363.34019 A74 2015 _wDEWEY _c2 _i80493 _f2021-11-3 _g3 _lCCODEBUL1 _mBUL _p65.47 _r0 _sY _tBOOK _u2019-8-6 _xSALUD _zP33 _0COMPRA _1FCOMPR3 _o.STAFF. Colección Ciencias de la Salud |
||
| 980 |
_81 _gALBERTO SANCHEZ Responsable de Automatización |
||